مكتبة جامعة عجلون الوطنية

فهرس بحث المكتبة

السلسة القصصية في قواعد اللغة العربية للأطفال (Record no. 15431)

MARC details
000 -LEADER
fixed length control field 00854nam a2200229Ii 4500
003 - CONTROL NUMBER IDENTIFIER
control field JO-AjNU
008 - FIXED-LENGTH DATA ELEMENTS--GENERAL INFORMATION
fixed length control field 230605s9999||||xx |||||||||||||| ||und||
017 ## - COPYRIGHT OR LEGAL DEPOSIT NUMBER
Copyright or legal deposit number 2010/9/3569
040 ## - CATALOGING SOURCE
Original cataloging agency JO-AjNU
Language of cataloging ara
Description conventions rda
Transcribing agency JO-AjNU
041 ## - LANGUAGE CODE
Language code of text/sound track or separate title ara
050 14 - LIBRARY OF CONGRESS CALL NUMBER
Classification number PJ6106 2011
100 3# - MAIN ENTRY--PERSONAL NAME
Personal name تاليف فريحات،فاطمة محمد سعد,
Relator term author
9 (RLIN) 30044
245 00 - TITLE STATEMENT
Title السلسة القصصية في قواعد اللغة العربية للأطفال
250 ## - EDITION STATEMENT
Edition statement ط1
264 31 - PRODUCTION, PUBLICATION, DISTRIBUTION, MANUFACTURE, AND COPYRIGHT NOTICE
Place of production, publication, distribution, manufacture اربد: عالم الكتب الحديث،2011
300 ## - PHYSICAL DESCRIPTION
Extent 113ص
336 ## - CONTENT TYPE
Content type term text
Content type code txt
Source rdacontent
337 ## - MEDIA TYPE
Media type term unmediated
Media type code n
Source rdamedia
338 ## - CARRIER TYPE
Carrier type term volume
Carrier type code nc
Source rdacarrier
490 0# - SERIES STATEMENT
Series statement السلسلة القصصية في قواعد اللغة العربية
650 #4 - SUBJECT ADDED ENTRY--TOPICAL TERM
Topical term or geographic name entry element قواعد اللغة العربية السلسلة- اللغة العربية
9 (RLIN) 30045
Holdings
Withdrawn status Lost status Source of classification or shelving scheme Damaged status Not for loan Home library Current library Shelving location Date acquired Total Checkouts Full call number Barcode Date last seen Price effective from Koha item type
    Library of Congress Classification     مكتبة جامعة عجلون الوطنية مكتبة جامعة عجلون الوطنية المجموعات العامة 06/06/2023   PJ6106 2011 A11863 06/06/2023 06/06/2023 Books